| 000 | 01079nam a2200277 i 4500 | ||
|---|---|---|---|
| 001 | 109198 | ||
| 003 | ES-MaACL | ||
| 005 | 20251118143832.0 | ||
| 007 | t| | ||
| 008 | 061121s1917 sp r ||||1| cat d | ||
| 100 | 1 |
_aOliver, Miquel dels Sants, _d1864-1920 _986825 |
|
| 245 | 1 | 0 |
_aCatalunya en temps de la revolució francesa. _nPrimera serie / _cMiguel S. Oliver. |
| 260 |
_aBarcelona : _bSocietat Catalana d' Edicions, _c[1917] |
||
| 300 |
_a221 p. ; _c23 cm. |
||
| 490 | 1 |
_aSocietat Catalana d'Edicions ; _v33 |
|
| 530 | _aDisponible en formato digital. | ||
| 651 | 4 |
_aCataluña- _xHistoria- _yS.XVIII. _98022 |
|
| 651 | 4 |
_aCataluña- _xHistoria- _yS.XIX. _98019 |
|
| 651 | 4 |
_aEspaña- _xHistoria- _y1788-1808, Carlos IV. _98242 |
|
| 651 | 4 |
_aFrancia- _xHistoria- _y1789-1799, Revolución- _xInfluencia- _zEspaña _98691 |
|
| 830 | 0 |
_aSocietat Catalana d'Edicions ; _v33 _9232968 |
|
| 852 |
_aES-MaACL _jB-13224 _cSPB |
||
| 856 | 4 |
_uhttp://bdh-rd.bne.es/viewer.vm?id=0000105684&page=1 _y(Biblioteca Digital Hispánica) |
|
| 942 | _2udc | ||
| 999 |
_c109198 _d109198 |
||